Partiti politici italiani - I Legislatura - Statistics

Statistiche generali
  • Questo quiz è stato fatto 86 volte
  • Il punteggio medio è 4 su 11
Statistiche sulle risposte
Seggi Camera Seggi Senato Collacazione Partito politico % Corretto
305 131 Centro Democrazia Cristiana
99%
6 1 Estrema destra Movimento Sociale Italiano
75%
33 8 Centro-sinistra Unità Socialista
75%
9 4 Centro-sinistra Partito Repubblicano Italiano
52%
0 4 Centro-sinistra Unità Socialista - Partito Repubblicano Italiano
52%
14 3 Destra Partito Nazionale Monarchico
35%
193 72 Sinistra Fronte Democratico Popolare
9%
19 7 Centro-destra Blocco Nazionale
5%
3 2 Centro Partito Popolare Sudtirolese
5%
1 0 Centro-sinistra Partito dei Contadini d'Italia
4%
1 1 Centro-sinistra Partito Sardo d'Azione
1%
Nessun quiz corrispondente trovato
Distribuzione punteggi
Percentuale di utenti per punteggio
Percentile per numero di risposta
I tuoi punteggi nel tempo
Non hai fatto questo quiz